| 000 | 00487 a2200181 4500 | ||
|---|---|---|---|
| 999 |
_c534416 _d534416 |
||
| 003 | NUST | ||
| 005 | 20200219131431.0 | ||
| 008 | 200219b ||||| |||| 00| 0 eng d | ||
| 020 | _a9695190219 | ||
| 038 | _aMSOHAIL | ||
| 082 | _a200 | ||
| 100 |
_aNasr,Seyyed Hossein. _9181 |
||
| 245 |
_aThe Essential Writings of Frithjof Schuon. _cSeyyed Hossein Nasr. |
||
| 260 |
_aLahore _bSuhail Academy. _c2001. |
||
| 300 | _a560p. | ||
| 500 | _aHardcover. | ||
| 942 |
_aNBS _cBK _k200.22 SEY _2ddc |
||